La posición egipcia en las negociaciones relativas al establecimiento de medidas de transición respecto a la orilla occidental y Gaza

Guardat en:
Dades bibliogràfiques
Format: Llibre
Idioma:espanyol
Publicat: Madrid Gráficas Rolando 1981
Matèries:
Etiquetes: Afegir etiqueta
Sense etiquetes, Sigues el primer a etiquetar aquest registre!

MARC

LEADER 00000nam a2200000 a 4500
001 UCX1773
003 CL-VaPUC
008 901030e19810000SP |||||||||||||||||spa|d
082 0 4 |a 341.37  |b POS  |2 21 
245 1 3 |a La posición egipcia en las negociaciones relativas al establecimiento de medidas de transición respecto a la orilla occidental y Gaza 
300 |a 136 p 
942 |c BK 
945 |d 19901030 00:00:00 
260 |a Madrid  |b Gráficas Rolando  |c 1981 
650 0 |a Relaciones Exteriores  |9 255379 
650 0 |a Política y gobierno  |9 255151 
651 0 |a Egipto   |9 268199 
583 |a last modification  |c 19901030 00:00:00  |k Rodrigo Vera 
999 |c 222937  |d 222935 
952 |0 0  |1 0  |4 0  |6 341_370000000000000_POS_1981  |7 0  |8 A  |9 218262  |a BIBHIS  |b BIBHIS  |d 2019-11-15  |i 2870975  |o 341.37 POS 1981  |p 2870975  |r 2025-01-20  |w 2019-11-15  |y BK  |k HIS